Central Library OPAC University of Rajshahi

Indian architecture : (Record no. 19536)

MARC details
000 -LEADER
fixed length control field 00944nam a2200265 a 4500
001 - CONTROL NUMBER
control field 19536
003 - CONTROL NUMBER IDENTIFIER
rucl marc code BD-RjUL
005 - DATE AND TIME OF LATEST TRANSACTION
control field 20211209000439.0
008 - FIXED-LENGTH DATA ELEMENTS--GENERAL INFORMATION
fixed length control field 140224s1971 ii ef 001 0 eng d
035 ## - SYSTEM CONTROL NUMBER
System control number (BD-RjUL)19596
040 ## - CATALOGING SOURCE
Original cataloging agency UkOxU
Language of cataloging eng
Transcribing agency UkOxU
Modifying agency BD-RjUL
041 ## - LANGUAGE CODE
Language code of text/sound track or separate title eng
082 ## - DEWEY DECIMAL CLASSIFICATION NUMBER
Classification number 720.954
Author mark and year BRI 1981
100 1# - MAIN ENTRY--PERSONAL NAME
Personal name Brown, Percy,
Dates associated with a name 1872-1955.
9 (RLIN) 60017
245 10 - TITLE STATEMENT
Title Indian architecture :
Remainder of title (the Islamic period) /
Statement of responsibility, etc. by Percy Brown.
250 ## - EDITION STATEMENT
Edition statement 2nd. ed.
260 ## - PUBLICATION, DISTRIBUTION, ETC. (IMPRINT)
Place of publication, distribution, etc. Bombay :
Name of publisher, distributor, etc. D.B. Taraporevala Sons,
Date of publication, distribution, etc. c1956 [Reprint1981]
300 ## - PHYSICAL DESCRIPTION
Pagination xv, 134 p. , [125] pages of plates :
Illustrations ill. ;
Size 30 cm.
500 ## - GENERAL NOTE
General note Companion work to the author's: Indian architecture: (Buddist and Hindu periods).
General note "With over 250 Illustrations in Line and Half-tone"
504 ## - BIBLIOGRAPHY, ETC. NOTE
Bibliography, etc Includes bibliographical references and index.
650 #0 - SUBJECT ADDED ENTRY--TOPICAL TERM
Topical term or geographic name as entry element Architecture
Geographic subdivision India
9 (RLIN) 60018
Topical term or geographic name as entry element Islamic architecture
Geographic subdivision India
9 (RLIN) 50382
942 ## - ADDED ENTRY ELEMENTS (KOHA)
Source of classification or shelving scheme Dewey Decimal Classification
Koha item type Books
Holdings
Lost status Source of classification or shelving scheme Damaged status Not for loan Collection code Permanent Location Current Location Shelving location Date acquired Source of acquisition Cost, normal purchase price Total Checkouts Full call number Date last seen Copy number Koha item type Date checked out
  Dewey Decimal Classification   Not For Loan Non-fiction Central Library, University of Rajshahi Central Library, University of Rajshahi Reading Room 20/08/1984 A.B.A.cal. 170.00   720.954 BRI 1981 23/01/2017 C-1 Books  
  Dewey Decimal Classification     Non-fiction Central Library, University of Rajshahi Central Library, University of Rajshahi   20/08/1984 A.B.A Cal. 170.00 2 720.954 BRI 1981 29/11/2021 C-2 Books 24/11/2021
  Dewey Decimal Classification     Non-fiction Central Library, University of Rajshahi Central Library, University of Rajshahi   29/01/1985 Tulip 170.00   720.954 BRI 1981 01/04/2019 C-3 Books